| 000 | 00525nam a22001697i 4500 | ||
|---|---|---|---|
| 020 | _a9714203341 | ||
| 050 | 1 | 4 |
_aQH 308.2 _bP411 |
| 100 | _aPenecilla, Gerard L. | ||
| 245 |
_aBasic concepts in biology _cGerard L. Penecilla, Ligaya D. Valmonte |
||
| 264 | 1 |
_aMeycauayan, Bulacan: _bTrinitas publishing, _c2003. |
|
| 300 |
_a291 pages; _c25 cm. |
||
| 336 |
_atext _btxt _2rdacontent |
||
| 337 |
_aunmediated _bn _2rdamedia |
||
| 338 |
_avolume _bnc _2rdacarrier |
||
| 650 | _a1.Biology. I.Valmonte, Ligaya D. II.Title | ||
| 942 | _cF | ||
| 999 |
_c3990 _d3990 |
||